[Event "Transnational op"]
[Site "Montreal CAN"]
[Date "2023.06.10"]
[Round "3.28"]
[White "Pomerantz, Daniel"]
[Black "Saha, Ananda"]
[Result "1-0"]
[WhiteElo "2198"]
[BlackElo "2209"]
[PlyCount "75"]
[EventDate "2023.06.09"]
[EventType "swiss"]
[EventRounds "5"]
[EventCountry "CAN"]

1. e4 e6 2. d4 d5 3. Nd2 c5 4. Ngf3 cxd4 5. Nxd4 Nc6 6. Bb5 Bd7 7. Nxc6 bxc6 8.
Bd3 Bd6 9. Qe2 Ne7 10. e5 Bc7 11. O-O Ng6 12. f4 O-O 13. Qh5 Be8 14. Nf3 f6 15.
Bd2 c5 16. c3 Rb8 17. b3 Qe7 18. Rae1 f5 19. Qh3 c4 20. Bc2 cxb3 21. axb3 Bb5
22. Rf2 Bb6 23. Nd4 Bxd4 24. cxd4 Rfc8 25. Bb1 Qa3 26. g4 Bd7 27. gxf5 Rxb3 28.
Qg4 exf5 29. Bxf5 Bxf5 30. Qxf5 Rf8 31. Qe6+ Kh8 32. Qxd5 Ne7 33. Qe4 Rd3 34.
f5 Nxf5 35. Rxf5 Rxd2 36. Rxf8+ Qxf8 37. Rf1 Qb8 38. Qf4 1-0

[Event "Transnational op"]
[Site "Montreal CAN"]
[Date "2023.06.10"]
[Round "3.29"]
[White "Duval, Mathieu"]
[Black "Lalonde, Olivier"]
[Result "1-0"]
[WhiteElo "1867"]
[BlackElo "2393"]
[PlyCount "61"]
[EventDate "2023.06.09"]
[EventType "swiss"]
[EventRounds "5"]
[EventCountry "CAN"]

1. c4 f5 2. d4 Nf6 3. Nf3 g6 4. Nc3 Bg7 5. g3 O-O 6. Bg2 d6 7. O-O Qe8 8. Bf4
h6 9. h4 Nh5 10. e3 Na6 11. Qd2 Kh7 12. d5 Nc5 13. Rae1 e5 14. dxe6 Bxe6 15. b3
a5 16. Nd4 Bg8 17. e4 Bxd4 18. Qxd4 Ne6 19. Qd2 Nhxf4 20. gxf4 Qd8 21. exf5
Rxf5 22. Bh3 Qxh4 23. Bxf5 gxf5 24. Ne2 Bf7 25. Ng3 Nxf4 26. Qe3 Rg8 27. Qf3
Bh5 28. Qxb7 Nh3+ 29. Kg2 Nxf2 30. Qxc7+ Rg7 31. Qxg7+ 1-0

[Event "Transnational op"]
[Site "Montreal CAN"]
[Date "2023.06.10"]
[Round "3.30"]
[White "Boulay, David"]
[Black "Guillemette, Hugo"]
[Result "1/2-1/2"]
[WhiteElo "2036"]
[BlackElo "2219"]
[PlyCount "100"]
[EventDate "2023.06.09"]
[EventType "swiss"]
[EventRounds "5"]
[EventCountry "CAN"]

1. d4 Nf6 2. c4 e6 3. Nc3 Bb4 4. Qc2 O-O 5. a3 Bxc3+ 6. Qxc3 b6 7. Nf3 Bb7 8.
e3 d6 9. b4 Nbd7 10. Be2 c5 11. O-O Ne4 12. Qb3 Qc7 13. Nd2 Nxd2 14. Bxd2 d5
15. dxc5 bxc5 16. Rac1 Qd6 17. cxd5 Bxd5 18. Qb2 Rab8 19. Rfd1 Qe7 20. f3 Rfd8
21. Qa1 Bb3 22. Re1 Nf8 23. Bc3 f6 24. bxc5 Qxc5 25. Bd4 Qe7 26. e4 e5 27. Be3
Ne6 28. Bc4 Bxc4 29. Rxc4 Rd3 30. a4 Qd7 31. Qc1 h5 32. h3 Kh7 33. Rc3 Rxc3 34.
Qxc3 Qxa4 35. Ra1 Qd7 36. Bxa7 Rc8 37. Qe1 Nf4 38. Be3 Rc2 39. Bxf4 exf4 40.
Rd1 Qa7+ 41. Kh1 Qf7 42. Rd2 Rc5 43. Qe2 Rg5 44. Qd3 Qg6 45. Qd6 Re5 46. Rd5
Qg3 47. Rxe5 Qe1+ 48. Kh2 Qg3+ 49. Kh1 Qe1+ 50. Kh2 Qg3+ 1/2-1/2

[Event "Transnational op"]
[Site "Montreal CAN"]
[Date "2023.06.10"]
[Round "3.31"]
[White "Wang, Derek"]
[Black "Jiang, Barron Jiyu"]
[Result "1-0"]
[WhiteElo "2114"]
[BlackElo "2036"]
[PlyCount "127"]
[EventDate "2023.06.09"]
[EventType "swiss"]
[EventRounds "5"]
[EventCountry "CAN"]

1. Nf3 Nf6 2. d4 d5 3. c4 dxc4 4. e3 e6 5. Bxc4 c5 6. Nc3 Nc6 7. O-O a6 8. Bd3
Qc7 9. Qe2 cxd4 10. exd4 Be7 11. Bg5 O-O 12. Rac1 Rd8 13. h3 Qa5 14. Be3 Nb4
15. Bb1 b5 16. Bd2 Qb6 17. Ne4 Nbd5 18. Nc5 Ra7 19. b4 Nd7 20. Rfd1 Nxc5 21.
dxc5 Qc7 22. a3 Bf6 23. Bg5 Qe7 24. Bxf6 Qxf6 25. Qe5 Qxe5 26. Nxe5 Rc7 27. Be4
f6 28. Bxd5 Rxd5 29. Rxd5 exd5 30. Nf3 Bd7 31. Nd4 Kf7 32. Re1 Rc8 33. f4 g6
34. Kf2 a5 35. Rc1 a4 36. c6 Be8 37. Rc5 Ke7 38. Ke3 f5 39. Kd3 h6 40. h4 Rc7
41. Kc3 Rc8 42. Kd3 Rc7 43. Rxb5 Bxc6 44. Nxc6+ Rxc6 45. Rxd5 Rc1 46. Ke2 Rc2+
47. Rd2 Rc3 48. Rd3 Rc2+ 49. Kf3 Rb2 50. g3 Ke6 51. Ke3 Rg2 52. Kd4 Rc2 53. Rc3
Rxc3 54. Kxc3 Kd5 55. Kd3 h5 56. Kc3 Ke4 57. b5 Kf3 58. b6 Kxg3 59. b7 Kxh4 60.
b8=Q Kg3 61. Qd6 h4 62. Qxg6+ Kh2 63. Qxf5 h3 64. Qg4 1-0

[Event "Transnational op"]
[Site "Montreal CAN"]
[Date "2023.06.10"]
[Round "3.32"]
[White "Latorre, Vincent"]
[Black "Di Matteo, Alessio"]
[Result "1-0"]
[WhiteElo "2212"]
[BlackElo "1986"]
[PlyCount "39"]
[EventDate "2023.06.09"]
[EventType "swiss"]
[EventRounds "5"]
[EventCountry "CAN"]

1. e4 c5 2. Nf3 e6 3. d4 cxd4 4. Nxd4 a6 5. Bd3 Bc5 6. Nb3 Ba7 7. Qg4 g6 8. O-O
Nc6 9. Nc3 d6 10. Kh1 e5 11. Qe2 Be6 12. Nd5 Bxd5 13. exd5 Nce7 14. f4 Qc7 15.
fxe5 dxe5 16. c4 f5 17. Bd2 Nf6 18. Bb4 e4 19. d6 exd3 20. Qe5 1-0

[Event "Transnational op"]
[Site "Montreal CAN"]
[Date "2023.06.10"]
[Round "3.33"]
[White "Byl, Oliver"]
[Black "Genzling, Jerome"]
[Result "1-0"]
[WhiteElo "1720"]
[BlackElo "2157"]
[PlyCount "131"]
[EventDate "2023.06.09"]
[EventType "swiss"]
[EventRounds "5"]
[EventCountry "CAN"]

1. d4 d5 2. Nf3 e6 3. g3 b6 4. Bg2 Bb7 5. O-O Bd6 6. c4 Nf6 7. cxd5 exd5 8. Bg5
Nbd7 9. Nc3 h6 10. Bxf6 Nxf6 11. Nb5 Be7 12. Ne5 a6 13. Nc3 O-O 14. Qb3 Rb8 15.
Rfd1 Qd6 16. Nf3 Rfe8 17. Rac1 Qe6 18. e3 c5 19. dxc5 bxc5 20. Ne2 Ba8 21. Qc2
Qb6 22. b3 Rbc8 23. Nc3 Red8 24. Qe2 Qe6 25. Qf1 Bb7 26. Bh3 Ng4 27. Ne5 Qxe5
28. Bxg4 f5 29. Bf3 Rc7 30. Qg2 Rcd7 31. Na4 g5 32. h3 Rc7 33. Nb6 Kg7 34. Bxd5
Rxd5 35. Nxd5 Rd7 36. e4 fxe4 37. Nxe7 Rxe7 38. Qh2 e3 39. fxe3 Qxe3+ 40. Qf2
Qe4 41. Kh2 Rf7 42. Qb2+ Kf8 43. Qh8+ Ke7 44. Re1 Rf2+ 45. Kg1 Re2 46. Rxe2
Qxe2 47. Qh7+ Ke8 48. Qc2 Qe3+ 49. Kh2 Be4 50. Qb2 h5 51. Rf1 h4 52. Qf2 hxg3+
53. Qxg3 Qd2+ 54. Qf2 Qd6+ 55. Kg1 Qe7 56. Re1 Qe5 57. Qe3 Kd7 58. Qxe4 Qg3+
59. Kf1 Qxh3+ 60. Qg2 Qf5+ 61. Kg1 Kc7 62. Qe4 Qh3 63. Qe7+ Kb8 64. Qd6+ Kc8
65. Re8+ Kb7 66. Re7+ 1-0

[Event "Transnational op"]
[Site "Montreal CAN"]
[Date "2023.06.10"]
[Round "3.34"]
[White "Libersan, Thierry"]
[Black "Jutras, Arnaud"]
[Result "1-0"]
[WhiteElo "2063"]
[BlackElo "1649"]
[PlyCount "101"]
[EventDate "2023.06.09"]
[EventType "swiss"]
[EventRounds "5"]
[EventCountry "CAN"]

1. c4 c6 2. Nc3 d5 3. d4 Nf6 4. Nf3 dxc4 5. a4 Bf5 6. Ne5 e6 7. e3 Be7 8. Bxc4
Nbd7 9. Nxd7 Qxd7 10. Qe2 Bb4 11. O-O O-O 12. Rd1 Rfd8 13. f3 Rac8 14. e4 Bg6
15. Be3 a6 16. Na2 Be7 17. b4 Qc7 18. Qb2 Nd7 19. Rac1 Qb8 20. a5 Bf6 21. Nc3
h6 22. Na4 b5 23. axb6 Nxb6 24. Qa2 Nxa4 25. Qxa4 Qb6 26. Qxa6 Qb8 27. Qa3 Rd6
28. Rb1 Rcd8 29. Qc3 Kh7 30. Be2 Qb6 31. Qc5 Qxc5 32. dxc5 Rxd1+ 33. Rxd1 Rxd1+
34. Bxd1 Bc3 35. Ba4 Bxb4 36. Bxc6 f6 37. Bd7 e5 38. c6 Ba5 39. Bc5 Bc7 40. Be6
Be8 41. Bd5 Kg6 42. Kf2 f5 43. Ke3 f4+ 44. Kd3 Kf6 45. Kc4 Bf7 46. Kb5 Be6 47.
Bb6 Bd6 48. Bd8+ Kf7 49. c7 Bxc7 50. Bxc7 Bxd5 51. exd5 1-0

[Event "Transnational op"]
[Site "Montreal CAN"]
[Date "2023.06.10"]
[Round "3.35"]
[White "Morteza, Arian"]
[Black "Tinica, Gabriel"]
[Result "1-0"]
[WhiteElo "1695"]
[BlackElo "2048"]
[PlyCount "85"]
[EventDate "2023.06.09"]
[EventType "swiss"]
[EventRounds "5"]
[EventCountry "CAN"]

1. d4 Nf6 2. Nf3 g6 3. c3 Bg7 4. Qc2 O-O 5. e4 d6 6. Be2 e5 7. dxe5 dxe5 8. O-O
Nc6 9. Bb5 Bd7 10. Rd1 Qe7 11. b3 Rfd8 12. h3 a6 13. Be2 h6 14. Ba3 Qe8 15.
Nbd2 Nh5 16. Nc4 Be6 17. Rxd8 Rxd8 18. Rd1 Nf4 19. Bf1 Rd7 20. Bc1 Qd8 21. Rxd7
Qxd7 22. Kh2 g5 23. Qd2 Qxd2 24. Nfxd2 Bf8 25. g3 Ng6 26. Ba3 Bxa3 27. Nxa3 f6
28. Bc4 Kf7 29. Bd5 Nge7 30. Bc4 b5 31. Bxe6+ Kxe6 32. b4 Nc8 33. Nb3 Nb8 34.
Nc5+ Kd6 35. Nc2 h5 36. Ne3 Ne7 37. Kg2 c6 38. Kf1 Ng6 39. Nf5+ Kc7 40. Ng7 h4
41. Ne8+ Kd8 42. Nxf6 Ke7 43. Nh7 1-0

[Event "Transnational op"]
[Site "Montreal CAN"]
[Date "2023.06.10"]
[Round "3.36"]
[White "Turcotte, Jonathan"]
[Black "Fiset, Anais Chloe"]
[Result "1-0"]
[WhiteElo "2029"]
[BlackElo "1627"]
[PlyCount "33"]
[EventDate "2023.06.09"]
[EventType "swiss"]
[EventRounds "5"]
[EventCountry "CAN"]

1. d4 d5 2. c4 c6 3. Nf3 Nf6 4. Nc3 e6 5. Bg5 h6 6. Bh4 dxc4 7. e4 g5 8. Bg3 b5
9. Be2 Nbd7 10. d5 cxd5 11. exd5 a6 12. dxe6 fxe6 13. Qc2 Qe7 14. a4 b4 15. Ne4
Nxe4 16. Qxe4 Nb6 17. Qc6+ 1-0

[Event "Transnational op"]
[Site "Montreal CAN"]
[Date "2023.06.10"]
[Round "3.37"]
[White "Yang, Jing Yao"]
[Black "Moses, Neil"]
[Result "0-1"]
[WhiteElo "1646"]
[BlackElo "1969"]
[PlyCount "46"]
[EventDate "2023.06.09"]
[EventType "swiss"]
[EventRounds "5"]
[EventCountry "CAN"]

1. d4 Nf6 2. c4 e6 3. Nf3 b6 4. Nc3 Bb7 5. Bg5 Be7 6. e3 O-O 7. Be2 c5 8. d5
Nxd5 9. cxd5 Bxg5 10. Nxg5 Qxg5 11. Nb5 Bxd5 12. Nc7 Qxg2 13. Rf1 Nc6 14. Nxa8
Rxa8 15. Qd2 Rd8 16. O-O-O Bxa2 17. f3 d5 18. e4 Nd4 19. Rg1 Nxe2+ 20. Kc2 Nd4+
21. Kc3 Qxd2+ 22. Rxd2 Nxf3 23. b3 Nxd2 0-1

[Event "Transnational op"]
[Site "Montreal CAN"]
[Date "2023.06.10"]
[Round "3.38"]
[White "Ulrich, Samuel"]
[Black "Sasportas, Mosche"]
[Result "1-0"]
[WhiteElo "1916"]
[BlackElo "1616"]
[PlyCount "133"]
[EventDate "2023.06.09"]
[EventType "swiss"]
[EventRounds "5"]
[EventCountry "CAN"]

1. d4 Nf6 2. c4 g6 3. Nc3 Bg7 4. e4 d6 5. Nf3 O-O 6. Be2 Nc6 7. O-O e5 8. dxe5
Nxe5 9. Nxe5 dxe5 10. f3 Nh5 11. Be3 Nf4 12. Qxd8 Rxd8 13. Rfd1 Be6 14. b3 Bf8
15. Kf2 a6 16. Nd5 Bxd5 17. cxd5 Ba3 18. Rab1 Bb4 19. Rbc1 Rd7 20. Rc4 Bd6 21.
Rdc1 Rf8 22. g3 Nh5 23. Kg2 f5 24. Bc5 Rdf7 25. Bxd6 cxd6 26. Rc7 Nf6 27. Rxf7
Rxf7 28. Bd3 Nd7 29. b4 f4 30. Rc7 Nb6 31. Rc1 Kf8 32. Kf2 Ke8 33. Bf1 Kd8 34.
Kg2 g5 35. Be2 Rc7 36. Rxc7 Kxc7 37. Kh3 Na4 38. Kg4 Nc3 39. Bc4 b5 40. Bb3 Ne2
41. gxf4 gxf4 42. h4 Ng3 43. Kg5 h5 44. Kf6 Kd7 45. Bc2 Ne2 46. Kg6 Ng3 47. a4
bxa4 48. Bxa4+ Kc7 49. Bd1 Kb6 50. Kf6 Kc7 51. Ke7 Nf1 52. Be2 Nd2 53. Ke6 Nb3
54. Kf6 a5 55. bxa5 Nxa5 56. Kg5 Kd7 57. Kxh5 Ke7 58. Kg6 Kf8 59. Bd1 Nb7 60.
h5 Kg8 61. Kf6 Kh7 62. Ke7 Kh6 63. Kd7 Kxh5 64. Kc7 Nc5 65. Kxd6 Nd3 66. Be2
Nc1 67. Bc4 1-0

[Event "Transnational op"]
[Site "Montreal CAN"]
[Date "2023.06.10"]
[Round "3.39"]
[White "Guillemette, Thomas"]
[Black "Forget, Luc"]
[Result "1-0"]
[WhiteElo "1600"]
[BlackElo "1856"]
[PlyCount "79"]
[EventDate "2023.06.09"]
[EventType "swiss"]
[EventRounds "5"]
[EventCountry "CAN"]

1. e4 e5 2. Nf3 Nc6 3. Bc4 Nf6 4. d3 Bc5 5. c3 O-O 6. a4 a5 7. O-O h6 8. Re1 d6
9. Be3 Bxe3 10. Rxe3 Be6 11. Bb5 Ng4 12. Re1 f5 13. exf5 Bxf5 14. Bc4+ Kh8 15.
h3 Nf6 16. Nbd2 Qd7 17. Nf1 Rae8 18. Ng3 Be6 19. Bxe6 Qxe6 20. d4 e4 21. Nd2 d5
22. Nb3 g6 23. Nc5 Qf7 24. Qd2 Kg7 25. Nxb7 h5 26. Nc5 h4 27. Nf1 Nh5 28. Nh2
Qf5 29. Ng4 Nf4 30. Rac1 Re7 31. Rc2 Ref7 32. c4 Nb4 33. Rc3 g5 34. cxd5 Nbxd5
35. Rb3 Nb4 36. Rxe4 Nfd5 37. Re5 Qb1+ 38. Qe1 Qxe1+ 39. Rxe1 Rf4 40. Ne6+ 1-0

[Event "Transnational op"]
[Site "Montreal CAN"]
[Date "2023.06.10"]
[Round "3.40"]
[White "Crete, Mathys"]
[Black "Mullur, Neerav"]
[Result "1-0"]
[WhiteElo "1735"]
[BlackElo "1689"]
[PlyCount "97"]
[EventDate "2023.06.09"]
[EventType "swiss"]
[EventRounds "5"]
[EventCountry "CAN"]

1. d4 d5 2. c4 e6 3. Nf3 c5 4. cxd5 exd5 5. g3 Nf6 6. Bg2 Nc6 7. O-O Be7 8.
dxc5 Bxc5 9. a3 d4 10. b4 Bb6 11. Bb2 a6 12. Nbd2 Be6 13. Nb3 Qe7 14. Nbxd4
Nxd4 15. Nxd4 Bxd4 16. Qxd4 O-O 17. Rfd1 Bb3 18. Qd6 Qxe2 19. Rd2 Qb5 20. Bxf6
gxf6 21. Qxf6 Rfe8 22. Rd4 Bc2 23. Bd5 Bg6 24. Rad1 Qe2 25. Bxb7 Rab8 26. R4d2
Qh5 27. Bf3 Qb5 28. Bc6 Qe5 29. Qxe5 Rxe5 30. Rd8+ Rxd8 31. Rxd8+ Kg7 32. Ra8
Bd3 33. Bb7 Re7 34. Bd5 Re5 35. Bc6 Re1+ 36. Kg2 Ra1 37. a4 Rxa4 38. Bxa4 Be4+
39. f3 Bxa8 40. Kf2 Kf6 41. Ke3 Ke5 42. f4+ Kd6 43. Kd4 f6 44. Bc2 h6 45. Be4
Bc6 46. Bxc6 Kxc6 47. g4 Kd6 48. h4 Ke6 49. Kc5 1-0

[Event "Transnational op"]
[Site "Montreal CAN"]
[Date "2023.06.10"]
[Round "3.41"]
[White "Armstrong, Robert J"]
[Black "Darvekar, Yash"]
[Result "0-1"]
[WhiteElo "1569"]
[BlackElo "1990"]
[PlyCount "90"]
[EventDate "2023.06.09"]
[EventType "swiss"]
[EventRounds "5"]
[EventCountry "CAN"]

1. d4 d5 2. Nf3 Nf6 3. e3 c6 4. c4 e6 5. Bd3 dxc4 6. Bxc4 b5 7. Bd3 Nbd7 8. O-O
Bb7 9. b3 a6 10. Bb2 Be7 11. Nbd2 c5 12. Rc1 Rc8 13. Qe2 O-O 14. e4 Re8 15. Bb1
cxd4 16. Nxd4 Qb6 17. Kh1 Bc5 18. N2f3 Red8 19. e5 Nd5 20. Bxh7+ Kxh7 21. Qe4+
g6 22. Ng5+ Kg7 23. Qf3 Rf8 24. Qh3 Rh8 25. Ngxe6+ fxe6 26. Nxe6+ Kf7 27. Ng5+
Ke7 28. Qg3 Rcf8 29. Ne4 Nf4 30. Qg5+ Ke8 31. Rxc5 Nxc5 32. Nd6+ Kd7 33. Nxb7
Qxb7 34. Rd1+ Ncd3 35. e6+ Kxe6 36. Qg4+ Ke7 37. Qg5+ Ke8 38. Rxd3 Nxd3 39.
Qxg6+ Qf7 40. Qc6+ Qd7 41. Qg6+ Kd8 42. Qb6+ Kc8 43. Qxa6+ Kb8 44. Qb6+ Ka8 45.
Qa6+ Qa7 0-1

[Event "Transnational op"]
[Site "Montreal CAN"]
[Date "2023.06.10"]
[Round "3.42"]
[White "Sonko, Babacar"]
[Black "Currie, Sophia"]
[Result "0-1"]
[WhiteElo "1671"]
[BlackElo "1599"]
[PlyCount "74"]
[EventDate "2023.06.09"]
[EventType "swiss"]
[EventRounds "5"]
[EventCountry "CAN"]

1. f4 d5 2. e3 Nc6 3. Nf3 Nf6 4. Be2 Bf5 5. Bb5 Bd7 6. O-O a6 7. Be2 Bf5 8. d3
e6 9. Qe1 Bc5 10. Kh1 Qd7 11. Bd1 h6 12. Qg3 Bg6 13. Nh4 Ne7 14. Nc3 O-O-O 15.
Bf3 Rdg8 16. Nxg6 Nxg6 17. e4 h5 18. h3 h4 19. Qe1 Nh5 20. Bxh5 Rxh5 21. a3 Bd6
22. b4 Qc6 23. Bd2 f6 24. f5 exf5 25. exf5 Ne7 26. Rb1 Be5 27. a4 Nxf5 28. b5
axb5 29. axb5 Qc5 30. Na4 Qa7 31. b6 Qxa4 32. Rxf5 Rxf5 33. Rb4 Qxc2 34. d4
Qxd2 35. Qb1 Qxb4 36. Qxf5+ Kb8 37. dxe5 Qxb6 0-1

[Event "Transnational op"]
[Site "Montreal CAN"]
[Date "2023.06.10"]
[Round "3.43"]
[White "Morissette, Jean"]
[Black "Brassard, Sylvain"]
[Result "0-1"]
[WhiteElo "1846"]
[BlackElo "1768"]
[PlyCount "54"]
[EventDate "2023.06.09"]
[EventType "swiss"]
[EventRounds "5"]
[EventCountry "CAN"]

1. d4 d5 2. c4 c6 3. Nf3 Nf6 4. g3 e6 5. Bg2 Nbd7 6. O-O Ne4 7. Qc2 Be7 8. Rd1
O-O 9. Nfd2 f5 10. f3 Nd6 11. b3 Bg5 12. Nf1 Bxc1 13. Qxc1 Qf6 14. e3 h5 15.
Qc2 Nf7 16. cxd5 exd5 17. Nc3 Nb6 18. e4 fxe4 19. fxe4 dxe4 20. Nxe4 Qg6 21.
Qd3 Nd5 22. Ne3 Nxe3 23. Qxe3 Bg4 24. Rf1 Rae8 25. Rf4 Bf5 26. Qf3 Bxe4 27.
Rxe4 Ng5 0-1

[Event "Transnational op"]
[Site "Montreal CAN"]
[Date "2023.06.11"]
[Round "4.28"]
[White "Duval, Mathieu"]
[Black "Wang, Derek"]
[Result "1/2-1/2"]
[WhiteElo "1867"]
[BlackElo "2114"]
[PlyCount "143"]
[EventDate "2023.06.09"]
[EventType "swiss"]
[EventRounds "5"]
[EventCountry "CAN"]

1. c4 e6 2. d4 d5 3. Nc3 Nf6 4. cxd5 exd5 5. Bg5 Be7 6. Nf3 O-O 7. e3 c6 8. Bd3
Re8 9. O-O Nbd7 10. Re1 Ne4 11. Bxe7 Qxe7 12. Nd2 Ndf6 13. f3 Nxd2 14. Qxd2 Be6
15. Rac1 Qd6 16. Ne2 Bd7 17. Ng3 Rac8 18. Nf5 Bxf5 19. Bxf5 Rcd8 20. Qa5 Qb8
21. Qc3 Re7 22. e4 dxe4 23. fxe4 g6 24. e5 Nd5 25. Qg3 f6 26. Bg4 fxe5 27. Rxe5
Rxe5 28. dxe5 Re8 29. Re1 Qc7 30. Bd1 Qb6+ 31. Qf2 Qxf2+ 32. Kxf2 Kf7 33. Bb3
Ke6 34. Ke2 Rf8 35. Bxd5+ cxd5 36. Rc1 Rf7 37. Rc8 Kxe5 38. Ke3 d4+ 39. Kd3 Rf2
40. Re8+ Kd6 41. Rd8+ Kc6 42. Rxd4 Rxg2 43. Rc4+ Kb6 44. Rb4+ Kc7 45. h4 Rg3+
46. Kc2 h5 47. Rc4+ Kb8 48. Rf4 a5 49. Rf6 Ka7 50. b3 b6 51. a4 Kb7 52. Kb2 Kc7
53. Kc2 g5 54. hxg5 Rxg5 55. Rh6 b5 56. axb5 Rxb5 57. Kc3 Kb7 58. Rh7+ Kc6 59.
Rh6+ Kd7 60. Kc4 Rg5 61. b4 axb4 62. Kxb4 Ke7 63. Kc4 Kf7 64. Kd3 Kg7 65. Re6
Rf5 66. Ke4 Rf1 67. Ra6 h4 68. Ra3 Kg6 69. Rf3 Rg1 70. Rh3 Kh5 71. Kf3 Rg8 72.
Kf2 1/2-1/2

[Event "Transnational op"]
[Site "Montreal CAN"]
[Date "2023.06.11"]
[Round "4.29"]
[White "Guillemette, Hugo"]
[Black "Ulrich, Samuel"]
[Result "1-0"]
[WhiteElo "2219"]
[BlackElo "1916"]
[PlyCount "127"]
[EventDate "2023.06.09"]
[EventType "swiss"]
[EventRounds "5"]
[EventCountry "CAN"]

1. e4 c6 2. d4 d5 3. e5 c5 4. dxc5 Nc6 5. Bb5 e6 6. Be3 Nge7 7. Nf3 Bd7 8. Bxc6
Nxc6 9. c3 Qc7 10. Bd4 f6 11. Qe2 fxe5 12. Nxe5 Nxe5 13. Bxe5 Qxc5 14. Qh5+ Kd8
15. O-O Qe7 16. Nd2 g6 17. Qe2 Rg8 18. c4 Bc6 19. Rfd1 Bg7 20. Nf3 Kd7 21. Bxg7
Rxg7 22. Ne5+ Ke8 23. b4 dxc4 24. Nxc6 bxc6 25. Qxc4 Rc8 26. Re1 Kf7 27. Re5
Rgg8 28. Rae1 Rge8 29. Qb3 Qd6 30. Qh3 Kg7 31. Qc3 Kg8 32. Qc4 Kf7 33. g3 Re7
34. h4 Rd8 35. h5 Rf8 36. Qh4 Kg7 37. h6+ Kg8 38. Qc4 Rf6 39. Qc5 Rd7 40. Qe3
Kf7 41. a3 Re7 42. Ra5 Qd7 43. Rc5 Rf5 44. Qc3 Rf6 45. Rxc6 e5 46. Qb3+ Ree6
47. Rxe6 Qxe6 48. Qe3 Qb6 49. Qxb6 Rxb6 50. Rxe5 Ra6 51. Ra5 Rxa5 52. bxa5 g5
53. g4 Kg6 54. Kg2 Kxh6 55. Kf3 Kg6 56. Ke4 a6 57. Kd5 h5 58. gxh5+ Kxh5 59.
Kc6 Kg4 60. Kb6 Kf3 61. Kxa6 Kxf2 62. Kb5 g4 63. a6 g3 64. a7 1-0

[Event "Transnational op"]
[Site "Montreal CAN"]
[Date "2023.06.11"]
[Round "4.30"]
[White "Turcotte, Jonathan"]
[Black "Latorre, Vincent"]
[Result "1-0"]
[WhiteElo "2029"]
[BlackElo "2212"]
[PlyCount "111"]
[EventDate "2023.06.09"]
[EventType "swiss"]
[EventRounds "5"]
[EventCountry "CAN"]

1. d4 Nf6 2. c4 e6 3. Nf3 c5 4. d5 exd5 5. cxd5 g6 6. Nc3 d6 7. h3 a6 8. a4 Qe7
9. a5 Bf5 10. Bg5 h6 11. Bxf6 Qxf6 12. e4 Qe7 13. Bd3 Bc8 14. O-O Nd7 15. e5
dxe5 16. Bc4 Bg7 17. d6 Qf6 18. Ne4 Qf5 19. Re1 g5 20. Ng3 Qg6 21. Bd3 Qxd6 22.
Nf5 Qf6 23. Nh2 O-O 24. Ng4 Qe6 25. Qc2 h5 26. Bc4 Qe8 27. Ngh6+ Bxh6 28. Nxh6+
Kh8 29. Qf5 f6 30. Bd3 Rf7 31. Nxf7+ Qxf7 32. Qg6 Qxg6 33. Bxg6 Nf8 34. Bxh5
Be6 35. Red1 Kg7 36. Bf3 Rb8 37. Rd6 Kf7 38. Rc1 c4 39. Rb6 Nd7 40. Rxb7 Rxb7
41. Bxb7 Nc5 42. Bc8 Bd5 43. Rd1 Bc6 44. Rd6 Bb5 45. Rb6 Na4 46. Bxa6 Nxb6 47.
Bxb5 c3 48. bxc3 Nc8 49. Bd7 Na7 50. g3 Ke7 51. Ba4 Kd6 52. h4 gxh4 53. gxh4
Kc5 54. h5 Nc8 55. h6 Nd6 56. Bb3 1-0

[Event "Transnational op"]
[Site "Montreal CAN"]
[Date "2023.06.11"]
[Round "4.31"]
[White "Saha, Ananda"]
[Black "Byl, Oliver"]
[Result "0-1"]
[WhiteElo "2209"]
[BlackElo "1720"]
[PlyCount "88"]
[EventDate "2023.06.09"]
[EventType "swiss"]
[EventRounds "5"]
[EventCountry "CAN"]

1. Nf3 d5 2. d4 Nf6 3. e3 e6 4. Bd3 c5 5. b3 b6 6. Bb2 Bb7 7. Nbd2 Nbd7 8. O-O
Be7 9. Ne5 O-O 10. f4 cxd4 11. exd4 Ne4 12. Ndf3 f6 13. Nxd7 Qxd7 14. Qe2 Qe8
15. Nd2 f5 16. Nf3 Qh5 17. Ne5 Qh4 18. Rf3 Bd6 19. Rh3 Qxf4 20. Bc1 Bxe5 21.
Bxf4 Bxd4+ 22. Be3 Bxa1 23. Rf3 Rf6 24. Rf1 Be5 25. Bxe4 fxe4 26. Qb5 Rxf1+ 27.
Kxf1 Rd8 28. Ke2 Bf6 29. Qa4 Ba8 30. Qxa7 d4 31. Bd2 d3+ 32. cxd3 exd3+ 33. Kf2
Be4 34. Kg3 Be5+ 35. Kh3 Rd4 36. g3 Bf5+ 37. Kg2 Re4 38. Qa8+ Kf7 39. Qa7+ Kf6
40. Kf3 Re2 41. Be3 h5 42. h3 Bxh3 43. g4 Bxg4+ 44. Ke4 d2 0-1

[Event "Transnational op"]
[Site "Montreal CAN"]
[Date "2023.06.11"]
[Round "4.32"]
[White "Vidyarthi, Omya"]
[Black "Guillemette, Thomas"]
[Result "1-0"]
[WhiteElo "2081"]
[BlackElo "1600"]
[PlyCount "71"]
[EventDate "2023.06.09"]
[EventType "swiss"]
[EventRounds "5"]
[EventCountry "CAN"]

1. Nf3 c5 2. c4 g6 3. Nc3 Nf6 4. g3 Nc6 5. d4 cxd4 6. Nxd4 Bg7 7. Nc2 Ne5 8. b3
d6 9. Bg2 O-O 10. O-O Rb8 11. Bb2 b6 12. h3 Bb7 13. e4 Ned7 14. Nd5 Re8 15. Rb1
Qc8 16. Kh2 Bxd5 17. exd5 b5 18. Nd4 bxc4 19. Nc6 Rb7 20. bxc4 Nb8 21. Bxf6
Bxf6 22. Qa4 Nxc6 23. dxc6 Rc7 24. Rb7 Rxb7 25. cxb7 Qb8 26. Rb1 Rd8 27. Bc6
Bd4 28. Qa5 Bb6 29. Rxb6 axb6 30. Qxb6 e6 31. a4 d5 32. a5 d4 33. a6 d3 34. a7
Qxa7 35. Qxa7 d2 36. Bf3 1-0

[Event "Transnational op"]
[Site "Montreal CAN"]
[Date "2023.06.11"]
[Round "4.33"]
[White "Moses, Neil"]
[Black "Libersan, Thierry"]
[Result "1-0"]
[WhiteElo "1969"]
[BlackElo "2063"]
[PlyCount "91"]
[EventDate "2023.06.09"]
[EventType "swiss"]
[EventRounds "5"]
[EventCountry "CAN"]

1. e4 c5 2. Nf3 e6 3. d4 cxd4 4. Nxd4 Nc6 5. Be3 Nf6 6. Nd2 d5 7. exd5 Nxd5 8.
Nxc6 bxc6 9. Bd4 c5 10. Be5 f6 11. Bg3 Be7 12. Bc4 O-O 13. O-O g6 14. Re1 Kg7
15. Nb3 Re8 16. Qf3 Bf8 17. Rad1 Bb7 18. Bb5 Qb6 19. Bxe8 Rxe8 20. c4 Nb4 21.
Rd7+ Re7 22. Rxe7+ Bxe7 23. Qe2 e5 24. a3 Nc6 25. Qd3 a5 26. f4 a4 27. Nd2 Nd4
28. fxe5 f5 29. Bf2 Qc6 30. Nf3 Nxf3+ 31. gxf3 Qxf3 32. Qxf3 Bxf3 33. Re3 Be4
34. b3 Bc6 35. bxa4 Bxa4 36. Re1 Bb3 37. Rb1 Bxc4 38. Rc1 Ba6 39. Bxc5 Bh4 40.
Rb1 f4 41. Rb6 Be2 42. a4 Be1 43. Rb7+ Kh6 44. e6 g5 45. e7 Bh5 46. Rb8 1-0

[Event "Transnational op"]
[Site "Montreal CAN"]
[Date "2023.06.11"]
[Round "4.34"]
[White "Morteza, Arian"]
[Black "Boulay, David"]
[Result "1/2-1/2"]
[WhiteElo "1695"]
[BlackElo "2036"]
[PlyCount "64"]
[EventDate "2023.06.09"]
[EventType "swiss"]
[EventRounds "5"]
[EventCountry "CAN"]

1. d4 d5 2. c4 c6 3. Nc3 Nf6 4. e3 e6 5. Qc2 Nbd7 6. Nf3 a6 7. e4 dxe4 8. Nxe4
c5 9. Bf4 Nxe4 10. Qxe4 Nf6 11. Qe5 cxd4 12. Qxd4 Qxd4 13. Nxd4 Bb4+ 14. Bd2
Bxd2+ 15. Kxd2 b6 16. f3 Bb7 17. Ke3 e5 18. Nf5 O-O 19. Nd6 Bc6 20. Rd1 Rfd8
21. Be2 Ne8 22. Nf5 Kf8 23. Rxd8 Rxd8 24. Rd1 Rxd1 25. Bxd1 g6 26. Ng3 f5 27.
Nf1 Ke7 28. b4 Kd6 29. Nd2 Nc7 30. Nb1 Bb7 31. Nc3 Bc6 32. Ba4 Ne6 1/2-1/2

[Event "Transnational op"]
[Site "Montreal CAN"]
[Date "2023.06.11"]
[Round "4.35"]
[White "Lalonde, Olivier"]
[Black "Crete, Mathys"]
[Result "1-0"]
[WhiteElo "2393"]
[BlackElo "1735"]
[PlyCount "65"]
[EventDate "2023.06.09"]
[EventType "swiss"]
[EventRounds "5"]
[EventCountry "CAN"]

1. d4 Nf6 2. c4 g6 3. Nc3 Bg7 4. e4 O-O 5. Be2 d6 6. Be3 e5 7. d5 a5 8. g4 Na6
9. g5 Ne8 10. h4 f5 11. gxf6 Nxf6 12. h5 Qe8 13. h6 Bh8 14. Nh3 Bxh3 15. Rxh3
Nc5 16. Qc2 Qd7 17. Rg3 Ne8 18. Bg4 Qe7 19. Na4 Qh4 20. O-O-O Rf6 21. Nxc5 dxc5
22. Qe2 Rf4 23. Be6+ Kf8 24. Bxf4 exf4 25. Rh3 Qf6 26. Rf3 Nd6 27. e5 Qxe5 28.
Qxe5 Bxe5 29. Re1 Nxc4 30. d6 Bxb2+ 31. Kc2 Ne5 32. Rxf4+ Ke8 33. dxc7 1-0